1901年時点の関西鉄道本線の駅 - Statistics

General Stats
  • This quiz has been taken 93 times
  • The average score is 22 of 31
Answer Stats
Answer % Correct
奈良
98%
名古屋
94%
亀山/龜山
92%
四日市
92%
天王寺
90%
今宮
88%
加茂
88%
桑名
88%
王寺
87%
弥富
87%
郡山
85%
柘植
85%
上野
81%
蟹江
79%
八尾
77%
法隆寺
77%
77%
長島
77%
富田
75%
湊町
73%
柏原
67%
笠置
63%
佐那具
58%
加太
58%
河原田
54%
平野
48%
大河原
44%
島ヶ原
42%
大佛/大仏
23%
愛知
17%
高宮/髙宮
6%
No matching quizzes found
Score Distribution
Percent of People with Each Score
Percentile by Number Answered
Your Score History
You have not taken this quiz